Bandas de Rock en Español #6 - Estadísticas

Estadísticas generales
  • Esta prueba ha sido intentada 18 veces
  • La puntuación promedio es 4 de 24
Estadísticas de respuestas
País Canciones Banda % Correcto
España "Lucha De Gigantes", "Grite Una Noche", "Chica de ayer" Nacha Pop
47%
Argentina "El Fantasma", "Ya Lo Sabemos", "Trenes, Camiones y Tractores" Árbol
41%
España "Enamorado de la moda juvenil", "Veneno en la Piel", "Escuela de Calor" Radio Futura
41%
Argentina "Para Siempre", "Sigue Girando", "Vicio" Ratones Paranoicos
35%
España "Dime Que Me Quieres", "Salta!!!", "Rock And Roll en la Plaza del Pueblo" Tequila
35%
España "Feo Fuerto y Formal", "La mataré", "El rompeolas" Loquillo Y Los Trogloditas
29%
Argentina "Sucio y Desprolijo", "El Hombre Suburbano", "Ruta 66" Pappo's Blues
29%
Argentina "Sinoca", "En Avenidas", "Carta Para No Llorar" El Kuelgue
24%
Chile "Combo Final", "Brasil", "Mateo" Tronic
24%
Colombia "Solo", "De Madrugada", "La Tierra" Ekhymosis
12%
Perú "Suna", "Mujer Noche", "Un Día Sin Sexo" Mar de Copas
12%
México "Tu Luz", "Sólo Por Hoy", "Volvere A Empezar" Azul Violeta
6%
Guatemala "Quiero Decir", "Peces E Iguanas", "El Grito" Bohemia Suburbana
6%
México "La Planta", "La Vida Gacha", "Clase 406" Caos
6%
México "El Son del Dolor", "Más Daño", "La Balada" Cuca
6%
Ecuador "Hábleme Más Suave", "Zamba Surreal", "1537" Guardarraya
6%
México "Siento Que...", "Cada Vez Que Me Voy", "Lo Dudo" Jumbo
6%
Paraguay "Cada Día", "Por Un Beso", "El Sistema Solar" Kchiporros
6%
México "Beber de Tu Sangre", "Mamá", "La Mitad del Tiempo" Los Amantes De Lola
6%
México "Rincón Yucateco", "Espiral", "Pájaros" Porter
6%
México "Sol de Medianoche", "Mi Vida es un Tango", "Si Tu Boquita Fuera" Salón Victoria
6%
México "El Esqueleto", "Ya Tus Amigos", "Cuando Estas Cerca" Victimas Del Doctor Cerebro
6%
Perú "Quédate", "Desaparecer", "Sol" Zen
6%
México "Si Me Adverti", "Azul Oscuro", "Estático" Zurdok
6%
No se encontraron pruebas coincidentes
Distribución de puntuación
Porcentaje de gente con cada puntuación
Porcentaje por número respondido
Historial de tus puntuaciones
No has intentado esta prueba.